| Registos Bibliográficos associados ao registo de autoridade |
|
Etiqueta de registo: 00000nam 2200025 450 001 2066308 003 http://id.bnportugal.gov.pt/bib/catbnp/2066308 010 ## $a978-972-98239-8-5 021 ## $aPT$b476770/20 100 ## $a20210413d2020 m y0pory01030103ba 101 0# $apor 102 ## $aPT 105 ## $ay z 000fy 106 ## $ar 200 1# $aAntologia minimalista$fAna Moderno... [et al.] 210 #9 $a[S.l.]$cMinimalista,$d2020 215 ## $a107, [6] p.$d23 cm 675 ## $a821.134.3-34"20"$vBN$zpor$31018838 701 #1 $aModerno,$bAna,$f1977-$4070$31804546 801 #0 $aPT$bBN$gRPC 856 41 $uhttp://rnod.bnportugal.gov.pt/ImagesBN/winlibimg.aspx?skey=&doc=2066308&img=148444&save=true 900 ## $aBIBNAC$d20210422 966 ## $lBN$mFGMON$sL. 154276 V.$x1 966 ## $lBN$mFGMON$sL. 154276 V.-D$x1
Etiqueta de registo: 00254nam 2200025 450 001 2147709 003 http://id.bnportugal.gov.pt/bib/catbnp/2147709 010 ## $a978-989-53137-8-5 021 ## $aPT$b521243/23 100 ## $a20231030d2023 m y0pory01030103ba 101 0# $apor 102 ## $aPT 105 ## $aa z 000fy 106 ## $ar 200 1# $a A máquina das emoções$fAna Moderno$gil. Maraia 210 #9 $a[S.l.]$cMinimalista,$d2023 215 ## $a1 v.$cil.$d23 cm 675 ## $a087.5$vBN$zpor$3287999 675 ## $a821.134.3-93"20"$vBN$zpor$31046482 700 #1 $aModerno,$bAna,$f1977-$31804546 702 #0 $aMaraia$4440$31859671 801 #0 $aPT$bBN$gRPC 856 41 $uhttp://rnod.bnportugal.gov.pt/ImagesBN/winlibimg.aspx?skey=&doc=2147709&img=185167&save=true 900 ## $aBIBNAC$d20231113 966 ## $lBN$mFGMON$sP. 64427 V.$x1 966 ## $lBN$mFGMON$sP. 64427 V.-D$x1 971 ## $cdpenetra$d20231030 972 ## $e0$z0$d20231113$vasantos 973 ## $cacosta$d20231031
Etiqueta de registo: 00254nam 2200025 450 001 2160637 003 http://id.bnportugal.gov.pt/bib/catbnp/2160637 010 ## $a978-989-53137-8-5 021 ## $aPT$b521243/23 100 ## $a20240311d2023 m y0pory01030103ba 101 0# $apor 102 ## $aPT 105 ## $aa z 000fy 106 ## $ar 200 1# $a A máquina das emoções$fAna Moderno$gil. Maraia 205 ## $a2ª ed 210 #9 $a[S.l.]$cMinimalista,$d2023 215 ## $a76, [4] p.$cil.$d23 cm 675 ## $a087.5$vBN$zpor$3287999 675 ## $a821.134.3-93"20"$vBN$zpor$31046482 700 #1 $aModerno,$bAna,$f1977-$31804546 702 #0 $aMaraia$4440$31859671 801 #0 $aPT$bBN$gRPC 856 41 $uhttp://rnod.bnportugal.gov.pt/ImagesBN/winlibimg.aspx?skey=&doc=2160637&img=190575&save=true 900 ## $aBIBNAC$d20240503 966 ## $lBN$mFGMON$sP. 65803 V.$x1 966 ## $lBN$mFGMON$sP. 65803 V.-D$x1 971 ## $cisantos$d20240311 972 ## $e0$z0$d20240503$vasantos
Etiqueta de registo: 00254nam 2200025 450 001 2284442 003 http://id.bnportugal.gov.pt/bib/catbnp/2284442 010 ## $a978-989-8304-73-5 021 ## $aPT$b490245/21 100 ## $a20260415d2021 m y0pory01030103ba 101 0# $apor 102 ## $aPT 105 ## $aa z 000yy 106 ## $ar 200 1# $aSem dor, somos livres de sentir e pensar$fAna Moderno, Marta Duarte, Rafael Vieira$gil. Bruno Gaspar$gcoord. téc. Cátia Azevedo... [et al.] 210 #9 $aPorto$cEAPN - Rede Europeia Anti-Pobreza,$d2021 215 ## $a79 p.$cil.$d23 cm 700 #1 $aModerno,$bAna,$f1977-$31804546 701 #1 $aDuarte,$bMarta,$f1978-$4070$31802614 701 #1 $aVieira,$bRafael$f1979-$4070$31960622 702 #1 $aGaspar,$bBruno,$f1979-$4440$31325463 702 #1 $aAzevedo,$bCátia$4340$31696371 801 #0 $aPT$bBN$gRPC 966 ## $lBN$mFGMON$x1 971 ## $cisantos$d20260415
|
|
|